| 000 | 00730nam a2200205 u 4500 | ||
|---|---|---|---|
| 001 | 000561676 | ||
| 003 | AM-YeHGA | ||
| 005 | 20250618073240.0 | ||
| 008 | 071218s1906 gs r 000 0 arm d | ||
| 040 | _aAM-YeHGA | ||
| 041 | 1 |
_aarm _hrus |
|
| 100 | 1 | _aՎիրենիուս, Ա. | |
| 245 | 1 | 0 |
_aԵրեխայի քունը / _cԱ. Վիրենիուս; Թարգմ.՝ Ստ. Լիսիցեան. |
| 260 |
_aԹիֆլիս : _bտպ. Հերմէս, _c1906. |
||
| 300 |
_a53 էջ ; _c16 սմ. |
||
| 440 | 0 |
_aՀասկերի մանկավարժական գրադարան _vII |
|
| 650 | 1 | 4 |
_aԵրեխաների հիգիենա _94566 |
| 700 | 1 |
_aԼիսիցյան, Ստեփան Դանիելի, _d1865-1947 _eթարգմ. _4trl _91382 |
|
| 090 | _c220611 | ||
| 999 |
_c219082 _d219082 |
||